| 000 | 00486nam a2200181 a 4500 | ||
|---|---|---|---|
| 005 | 20230921063657.0 | ||
| 008 | 030806s1946 mx r 000 0 spa d | ||
| 035 | _aUPN01000127523 | ||
| 049 | _aF | ||
| 050 | 4 |
_aPQ8179 P6.7 _bM3.3 |
|
| 100 | 1 |
_aPosada, Julio, _d1881-1947 _934415 |
|
| 245 | 1 | 3 |
_aEl machete / _cJulio Posada. |
| 260 |
_aMéxico : _b[Costa-Amic], _c1946. |
||
| 300 |
_a34 p. : _bil. |
||
| 440 | 0 |
_aLunes ; _v22 |
|
| 650 | 4 |
_aLiteratura colombiana _912879 |
|
| 905 | _aLibro | ||
| 999 |
_c99702 _d99702 |
||